Taylor Swift - Teardrops On My Guitar (Lyrics) - Statistics

General Stats
  • This quiz has been taken 30 times
    16 since last reset
  • The average score is 250 of 288
Answer Stats
Answer % Correct
guitar
100%
I
100%
love
100%
me
100%
my
100%
on
100%
so
100%
So
100%
teardrops
100%
the
100%
The
100%
a
92%
and
92%
And
92%
at
92%
be
92%
do
92%
eyes
92%
for
92%
he
92%
He
92%
he's
92%
He's
92%
in
92%
it
92%
know
92%
Look
92%
looks
92%
of
92%
She
92%
to
92%
when
92%
why
92%
beautiful
85%
Can
85%
can't
85%
'cause
85%
'Cause
85%
could
85%
Don't
85%
Drew
85%
even
85%
everythin'
85%
fake
85%
finally
85%
funny
85%
girl
85%
got
85%
heart
85%
him
85%
his
85%
hold
85%
I'll
85%
into
85%
it's
85%
keep
85%
kind
85%
laugh
85%
lucky
85%
need
85%
one
85%
only
85%
reason
85%
right
85%
see
85%
she's
85%
smile
85%
song
85%
talks
85%
tell
85%
That
85%
that
85%
those
85%
tight
85%
wish
85%
with
85%
won't
85%
about
77%
all
77%
alone
77%
bet
77%
better
77%
break
77%
breathe?
77%
by
77%
car
77%
down
77%
enough
77%
Everything
77%
flawless
77%
get
77%
Give
77%
goes
77%
have
77%
home
77%
I'm
77%
just
77%
light
77%
live
77%
maybe
77%
never
77%
night
77%
picture
77%
put
77%
singin'
77%
sleep
77%
some
77%
star
77%
thing
77%
think
77%
tonight
77%
turn
77%
walks
77%
want
77%
we
77%
who's
77%
wishin'
77%
anyone
69%
As
69%
But
69%
but
69%
drive
69%
if
69%
knows
69%
perfectly
69%
says
69%
should
69%
there
69%
without
69%
wonder
69%
fall
62%
keeps
62%
needin'
62%
out
62%
time
46%
up,
38%
taken
31%
there's
15%
No matching quizzes found
Score Distribution
Percent of People with Each Score
Percentile by Number Answered
Your Score History
You have not taken this quiz since the last reset